000 00418nam a2200169Ia 4500
005 20260330112725.0
008 260330s9999||||xx |||||||||||||| ||und||
020 _a9788482840086
041 _aspa
100 _aCarlos E. Poveda B.
245 0 _aDibujo Geométrico /
_cCarlos E. Poveda B.
250 _a1 ed.
260 _aCali :
_bPime Editores Ltda.
_c1982
300 _a48 p.
650 _aPINTURA
942 _cBK
999 _c2573
_d2573